Loading...
History - American History | 0 | 2 | 0 | 0 | 20 | 24 | 45.50 | 0 | 2 |
Social Science | 0 | 1 | 0 | 0 | 10 | 52 | 52.00 | 1 | 1 |
Literature - World/Other Literature | 0 | 1 | 0 | 0 | 10 | 71 | 71.00 | 0 | 0 |
Philosophy | 0 | 1 | 0 | 0 | 10 | 52 | 52.00 | 1 | 1 |
Religion | 0 | 1 | 0 | 0 | 10 | 104 | 104.00 | 0 | 0 |
Science - Biology | 0 | 1 | 0 | 0 | 10 | 127 | 127.00 | 0 | 0 |
Fine Arts - Other Fine Arts | 0 | 1 | 0 | 0 | 10 | 67 | 67.00 | 1 | 1 |
History - European History | 0 | 1 | 0 | 1 | 10 | 137 | 137.00 | 0 | 0 |
Literature - American Literature | 0 | 1 | 0 | 1 | 10 | 144 | 144.00 | 0 | 0 |
Mythology | 0 | 1 | 1 | 0 | 5 | 50 | 50.00 | 0 | 0 |
Literature - British Literature | 0 | 1 | 1 | 1 | 5 | 137 | 137.00 | 0 | 0 |
Science - Chemistry | 0 | 0 | 1 | 0 | -5 | 0.00 | 0 | 0 | |
History - Other History | 0 | 0 | 1 | 0 | -5 | 0.00 | 0 | 0 | |
Fine Arts - Visual Fine Arts | 0 | 0 | 2 | 0 | -10 | 0.00 | 0 | 0 |